Music Quiz

Random Music or Bands Quiz
Score 0/60 Timer 08:00
0 Plays Today
% Correct
Candle in the Wind
91.3%
Bennie and the Jets
88.4%
Livin' on a Prayer
86.1%
Light My Fire
82.9%
Baba O'Riley
82.8%
You Give Love a Bad Name
82.8%
Papa Don't Preach
82.8%
Rolling in the Deep
78.6%
You Can't Always Get What You Want
78.5%
Break On Through (To the Other Side)
78.1%
Saturday Night's Alright for Fighting
77.9%
Blowin' in the Wind
77.8%
Won't Get Fooled Again
77.3%
Gimme Shelter
77.2%
Wanted Dead or Alive
76.4%
Heart of Glass
76.1%
Purple Haze
76.1%
Foxy Lady
72.1%
One Way or Another
69.1%
Behind Blue Eyes
68.7%
La Isla Bonita
68%
Hey Joe
67.4%
Set Fire to the Rain
64%
A Hard Rain's A-Gonna Fall
63.9%
Paranoid Android
63.2%
Someone Like You
62.8%
I Feel the Earth Move
60.8%
Rumour Has It
59.8%
You've Got a Friend
57.3%
The End
56.2%
% Correct
Karma Police
54.9%
Will You Love Me Tomorrow?
51.5%
Open Your Heart
49.9%
It's Too Late
49%
Alabama Song (Whisky Bar)
47.8%
Live to Tell
45.6%
Hanging on the Telephone
44.2%
Subterranean Homesick Alien
44.2%
Fire
43.5%
Don't Think Twice, It's All Right
40.8%
Midnight Rambler
40.7%
The Crystal Ship
37.7%
Manic Depression
37.1%
Airbag
36.3%
Country Honk
36.3%
Girl from the North Country
34.7%
Sunday Girl
34.5%
Bargain
34.3%
No Surprises
27.9%
This Song Has No Title
27.3%
Getting in Tune
26.9%
Turning Tables
26%
Let It Rock
25.7%
Never Say Goodbye
23.2%
Picture This
21.9%
Masters of War
21.5%
I've Seen That Movie Too
20.4%
Where's the Party
20.3%
You Got the Silver
18.4%
Way Over Yonder
14.5%
Remove Ads.
Support Sporcle.
Get the best of Sporcle when you Go Orange. This ad-free experience offers more features, more stats, and more fun while also helping to support Sporcle. Thank you for becoming a member.

You're not logged in!

Compare scores with friends on all Sporcle quizzes.
OR
Log In

Sporcle TV

Today on Sporcle TV


Watch our educational content, quiz creation guides, and fun videos on Sporcle TV.

Show Comments

Extras

Top Quizzes Today


Score Distribution

Paid Content

Your Account Isn't Verified!

In order to create a playlist on Sporcle, you need to verify the email address you used during registration. Go to your Sporcle Settings to finish the process.

Report this User

Report this user for behavior that violates our Community Guidelines.

Details: